| 000 | 00409nam a2200145Ia 4500 | ||
|---|---|---|---|
| 008 | 230411s9999 xx 000 0 und d | ||
| 020 | _a0-7506-2345-4 | ||
| 041 | _aeng | ||
| 082 | _aS/610.73677/SEL/B05990 | ||
| 100 |
_aSellu David _9178840 |
||
| 245 | _aAid to Diagnosis in Surgery : Practical manual for medical students | ||
| 260 |
_bButterworth _aOxford _c1995 |
||
| 300 | _a296p | ||
| 999 |
_c156454 _d156454 |
||